Les 6 mouvements de la Fédération du scoutisme français - Statistiques

Statistiques générales
  • Ce quiz a été pris 27 fois
  • Le résultat moyen est 5 sur 6
Statistiques - réponses
Spécificité Année de fondation Nombre d'adhérents (2023) Mouvement % Correct
mouvement catholique 2004(fusion de 2 mouvements fondés en 1920 et 1923) 98 800 Scouts et Guides de France
100%
mouvement laïque 1911 13 600 Éclaireuses éclaireurs de France
92%
mouvement musulman 1990 3 100 Scouts musulmans de France
88%
mouvement juif 1923 3 600 Éclaireuses éclaireurs israélites de France
85%
mouvement inspiré du boudhisme 2007 1 900 Éclaireuses et éclaireurs de la nature
85%
mouvement protestant 1911 5 800 Éclaireuses et Éclaireurs unionistes de France
85%
Aucun quiz correspondant
Distribution des résultats
% des personnes avec chaque résultat
Percentile par nombre de réponses
Votre historique - résultats
Vous n’avez pas pris ce quiz